000 01010naa a22002537a 4500
001 BR8105899
003 BR-BrBNA
005 20250716171944.0
007 ta
008 250630b bl.|||m| |||| 00| 0 por d
040 _aBR-BrBNA
_bpor
_cBiblioteca Nacional de Agricultura
041 _a(Pt)
072 _aF25
_b0150
_bG514
090 _aF25 BR8105899
100 1 _aMachado, M.O.
245 1 _aNova tabela de adubacao para a cultura do arroz irrigado no Rio Grande do Sul, um trabalho da EMBRAPA-UEPAE/Pelotas e do IRGA [Empresa Brasileira de Pesquisa Agropecuaria, Unidade de Execucao de Pesquisa Agropecuaria, Instituto Riograndense do Arroz, Brasil]
500 _aDia de campo. - arroz Pelotas, RS (Brasil): 1981. p. 23-28 (BR8105899-AMS)
650 _aARROZ IRRIGADO
650 _aADUBACAO
650 _aRIO GRANDE DO SUL
490 _aDocumentos - Unidade de Execucao de Pesquisa de Ambito Estadual de Pelotas (Brazil)
_vno. 2
942 _cAMS
_2AGRIS
909 _a202506
_bLúcia
_c55
_dLúcia Elande
999 _c333826
_d333826